00388nam a2200109Ia 4500008004100000020002200041100001600063245009600079260004900175300001900224500003500243200626s9999 xx 000 0 und d a978-0-632-06381-9 aBell, Chris cChris Bell, Paul Neaves, Anthony P. Williams.--aFood microbiology and laboratory practice/ aUnited Kingdom:bBlackwell Science Ltdc2005 axii, 324 pages aIncludes References, and Index